Finite Time Estimation,Controland StabilityofContinuous,Discreteand Sampled-data Linear Systems/ (Record no. 578564)
[ view plain ]
| 000 -LEADER | |
|---|---|
| fixed length control field | 00594nam a22001817a 4500 |
| 003 - CONTROL NUMBER IDENTIFIER | |
| control field | NUST |
| 038 ## - RECORD CONTENT LICENSOR | |
| Staff Name | baig |
| 082 ## - DEWEY DECIMAL CLASSIFICATION NUMBER | |
| Classification number | 200 |
| 100 ## - MAIN ENTRY--PERSONAL NAME | |
| Personal name | Atif Qayyum |
| 9 (RLIN) | 84157 |
| 110 ## - MAIN ENTRY--CORPORATE NAME | |
| Corporate name or jurisdiction name as entry element | Supervised by Dr Muhammad Bilal Malik |
| 9 (RLIN) | 84158 |
| 245 ## - TITLE STATEMENT | |
| Title | Finite Time Estimation,Controland StabilityofContinuous,Discreteand Sampled-data Linear Systems/ |
| Statement of responsibility, etc. | Atif Qayyum |
| 260 ## - PUBLICATION, DISTRIBUTION, ETC. | |
| Place of publication, distribution, etc. | Rawalpindi: |
| Name of publisher, distributor, etc. | NUST COLLEGE OF EME; |
| Date of publication, distribution, etc. | 2020. |
| 300 ## - PHYSICAL DESCRIPTION | |
| Extent | 123,p; |
| Other physical details | ill; |
| Dimensions | 30,cm. |
| 563 ## - BINDING INFORMATION | |
| Binding note | hb |
| 650 ## - SUBJECT ADDED ENTRY--TOPICAL TERM | |
| Topical term or geographic name entry element | PhD-ELECTRICAL ENGINEERING |
| 9 (RLIN) | 84162 |
| 856 ## - ELECTRONIC LOCATION AND ACCESS | |
| Uniform Resource Identifier | <a href="http://10.250.8.41:8080/xmlui/handle/123456789/36080">http://10.250.8.41:8080/xmlui/handle/123456789/36080</a> |
| 942 ## - ADDED ENTRY ELEMENTS (KOHA) | |
| Koha item type | Soft Copy |
| Source of classification or shelving scheme | |
| Withdrawn status | Lost status | Damaged status | Not for loan | Permanent Location | Current Location | Shelving location | Date acquired | Total Checkouts | Full call number | Barcode | Date last seen | Price effective from | Koha item type | Source of classification or shelving scheme |
|---|---|---|---|---|---|---|---|---|---|---|---|---|---|---|
| Central Library (CL) | Central Library (CL) | Thesis | 07/22/2024 | 200 | CLPT-101 | 07/22/2024 | 07/22/2024 | Soft Copy | ||||||
| College of Electrical & Mechanical Engineering (CEME) | College of Electrical & Mechanical Engineering (CEME) | Reference | 02/27/2020 | 200 THE | TH-SOF-1733 | 06/28/2021 | 06/28/2021 | Computer Files |
